• 首页
  • 本馆介绍
  • 公告通知
  • 最新文献
  • 馆藏检索
  • 电子资源
  • 读者荐购
  • 参考咨询
  • CALIS
  • 我的图书馆
  • 登录
  • 详细信息显示
  • 放入我的书架
  • 预约/预借图书
  • 作者相关作品
  • 分类相关作品
  • 丛书相关作品
  • 出版社相关作品

书目信息

  • 表格格式
  • 工作单格式
  • 卡片格式
题名:
电测仪表
    
 
作者: 黄奇峰 主编
分册:  
出版信息: 北京   中国电力出版社  2005.10
页数: 536页
开本: 21cm
丛书名:
单 册:
中图分类: TM93
科图分类:
主题词: 电气测量--dian qi ce liang--技术培训--教材
电子资源:
ISBN: 7-5083-3172-9
 
 
 
 
 
000 00887nam0 2200241 450
001 012006327906
005 20060905104400.40
010    @a7-5083-3172-9@dCNY32.00
100    @a20060610d2005 km y0chiy0120 ea
101 0  @achi
102    @aCN@b110000
105    @aa z 000yy
200 1  @a电测仪表@Adian ce yi biao@f黄奇峰主编@Fhuang qi feng zhu bian
210    @a北京@c中国电力出版社@d2005.10
215    @a536页@c图@d21cm
300    @a供用电工人职业技能培训教材
304    @a中国电机工程学会城市供电专业委员会管理体制和技能培训专家工作组组编 。
330    @a本书是根据最新的国家计量技术规范和现行有效的检定规程编写而成的,它不仅展现了计量科研的最新成果,而且突出了电力行业电测仪表计量工作的特色。
606 0  @a电气测量@Adian qi ce liang@x技术培训@j教材
690    @aTM93@v4
701  0 @a黄奇峰@Ahuang qi feng@4主编
801  0 @aCN@bQSSK@c20060905
905    @a10447@dTM93@eH871
    
    电测仪表/黄奇峰主编.-北京:中国电力出版社,2005.10
    536页:图;21cm
    供用电工人职业技能培训教材
    
    ISBN 7-5083-3172-9:CNY32.00
    本书是根据最新的国家计量技术规范和现行有效的检定规程编写而成的,它不仅展现了计量科研的最新成果,而且突出了电力行业电测仪表计量工作的特色。
●
相关链接 在E读中查询图书 在当当中查询图书 在豆瓣中查询图书


正题名:电测仪表     索取号:TM93/H871         预约/预借

序号 登录号 条形码 馆藏地/架位号 状态 备注
1 584965   205849652   自科库301/301自科库 22排1列4层/ [索取号:TM93/H871] 在馆    
2 584966   205849661   自科库301/301自科库 22排1列4层/ [索取号:TM93/H871] 在馆    
3 584967   205849670   期刊室512/301自科库 15排2列4层/ [索取号:TM93/H871] 在馆    
河南城建学院图书馆 欢迎您!
大连网信软件有限公司© 版权所有